000 01292cam a22002771 4500
001 gs 07000809
003 DLC
005 20260227111306.0
008 840925s1907 dcuabf f000 0 eng c
010 _ags 07000809
035 _a(OCoLC)11195055
040 _aLibrary, U.S. Geological Survey
_cCLS
_dOCoLC
_dDLC
042 _apremarc
050 0 0 _aTC801
_b.U2 no. 193
051 _aTD24.M6
_bD7
_cCopy 2
100 1 _aDole, Richard B.
_q(Richard Bryant),
_d1880-1917.
245 1 4 _aThe quality of surface waters in Minnesota,
_cby R.B. Dole and F.F. Wesbrook.
260 _aWashington,
_bGovt. Print. Off.,
_c1907.
300 _a171, ii p.
_bVII pl. (incl. maps, part fold.) diagrs.
_c23 cm.
490 0 _aU.S. Geological Survey. Water-supply and irrigation paper
_vno. 193
490 0 _aL, Quality of water,
_v19
500 _aIssued also as House doc. no. 787, 59th Cong., 2d sess.
501 _aTC801.U2 no. 193 with : Pollution of Illinois and Mississippi rivers by Chicago sewage - - Underground waters of Missouri - - Water supply of Nome region, Seward peninsula, Alaska, 1906. Washington : Govt. Print. Off., 1907. Bound together subsequent to publication.
_5DLC
650 0 _aWater-supply
_zMinnesota.
700 1 _aWesbrook, F. F.
_q(Frank Fairchild),
_d1868-1918,
_ejoint author.
999 _c24636
_d24636